Sports Quiz

Random Sports or NBA Quiz

NBA Vegas Summer League 2014 Best Player By Team Quiz Stats

 Plays Quiz not verified by Sporcle

Challenge
Share
Tweet
Embed
Score 0/23 Timer 05:00
0 Plays Today
NBA Team Player % Correct
Cleveland CavaliersAnthony Bennett
63.8%
Philadelphia 76ersNerlens Noel
56.7%
Atlanta HawksDennis Schroder
45.7%
Charlotte HornetsNoah Vonleh
44.9%
Chicago BullsTony Snell
43.3%
Minnesota TimberwolvesZach LaVine
36.2%
New York KnicksShane Larkin
35.4%
Washington WizardsGlen Rice Jr.
34.6%
Milwaukee BucksGiannis Antetokounmpo
33.9%
Utah JazzRudy Gobert
33.9%
Portland Trail BlazersC.J. McCollum
30.7%
Phoenix SunsT.J. Warren
25.2%
NBA Team Player % Correct
New Orleans PelicansRuss Smith
23.6%
Miami HeatJustin Hamilton
21.3%
Houston RocketsDonatas Motiejunas
19.7%
Los Angeles LakersJordan Clarkson
19.7%
Dallas MavericksRicky Ledo
18.1%
Denver NuggetsErick Green
13.4%
Toronto RaptorsBruno Caboclo
13.4%
Golden State WarriosJustin Holiday
11.8%
San Antonio SpursAustin Daye
10.2%
Sacramento KingsMarShon Brooks
6.3%
Los Angeles ClippersAmath M'Baye
3.9%

You're not logged in!

Compare scores with friends on all Sporcle quizzes.
Join for Free
OR
Log In

You Might Also Like...

Show Comments

Extras

Top Quizzes Today


Score Distribution

Your Account Isn't Verified!

In order to create a playlist on Sporcle, you need to verify the email address you used during registration. Go to your Sporcle Settings to finish the process.

Report this User

Report this user for behavior that violates our Community Guidelines.

Details: